000 00233 a2200109 4500
001 63405
082 _a378.1662 FOG
090 _c37459
_d37459
100 _aFogiel, M
245 _aGRE Engineering Test
_hEnglish
260 _bREA
942 _aCAE NUST
_k378.1662 FOG
999 _c298478
_d298478